| 000 | 01140cab a2200181 4500 | ||
|---|---|---|---|
| 001 | ##L132542 | ||
| 008 | 060216n2006 000 0 eng u | ||
| 035 | _a(Sirsi) u132542 | ||
| 041 | 0 | _aeng | |
| 110 | 2 |
_aBritish Council of Shopping Centres _91982 |
|
| 245 | 0 | 4 | _aThe future of retail property |
| 260 | _c2006 | ||
| 520 | _aResearch project that is set to examine the full scope and impact of retail property trends over the next 10 years and that aims to represent the most comprehensive retail property overview ever undertaken. It will comprise of eight key areas: 1) on-line retailing; 2) planning policies; 3) future modes of transport; 4) the impact of changing demographics and consumer patterns on centres, including Third Age shoppers; 5) market space; 6) retail business models; 7) the future of brands and their importance to the landscape; and 8) the role of architecture and design in future shopping places. | ||
| 590 | _aIKA280206 | ||
| 690 | _aPROPERTY-COMMERCIAL PROPERTY-RETAIL PROPERTY | ||
| 856 | 4 | 0 |
_uhttps://www.bcsc.org.uk/research/forp/index.htm _zView the research at www.bcsc.org.uk/research... |
| 942 | _n0 | ||
| 999 |
_c76484 _d76484 |
||